Best Actor (2000-present) - Statistics

General Stats
  • This quiz has been taken 32 times
  • The average score is 19 of 24
Answer Stats
Year Film Answer % Correct
2019 Joker Joaquin Phoenix
96%
2012 Lincoln Daniel Day-Lewis
91%
2007 There Will Be Blood Daniel Day-Lewis
91%
2015 The Revenant Leonardo DiCaprio
91%
2000 Gladiator Russell Crowe
91%
2023 Oppenheimer Cillian Murphy
87%
2004 Ray Jamie Foxx
87%
2013 Dallas Buyers Club Matthew McConaughey
87%
2022 The Whale Brendan Fraser
83%
2016 Manchester by the Sea Casey Affleck
83%
2018 Bohemian Rhapsody Rami Malek
83%
2021 King Richard Will Smith
83%
2002 The Pianist Adrien Brody
78%
2001 Training Day Denzel Washington
78%
2017 Darkest Hour Gary Oldman
78%
2014 The Theory of Everything Eddie Redmayne
74%
2005 Capote Philip Seymour Hoffman
74%
2008 Milk Sean Penn
74%
2003 Mystic River Sean Penn
74%
2010 The King's Speech Colin Firth
70%
2020 The Father Anthony Hopkins
65%
2006 The Last King of Scotland Forest Whitaker
65%
2011 The Artist Jean Dujardin
61%
2009 Crazy Heart Jeff Bridges
61%
No matching quizzes found
Score Distribution
Percent of People with Each Score
Percentile by Number Answered
Your Score History
You have not taken this quiz